000 00339nam a2200145Ia 4500
008 150201s2008 xx 000 0 und d
082 _a611
_bA08S
100 _aSINGH INDERBIR
245 _aANATOMY & PHYSIOLOGY FOR NURSES
250 _a2ND
260 _bJAYPEE
_aDELHI
_c2008
300 _a404
650 _aANATOMY
942 _2ddc
_cBK
_031
999 _c2073
_d2073